| 000 | 01168nam a2200277 i 4500 | ||
|---|---|---|---|
| 001 | 59856 | ||
| 003 | ES-MaACL | ||
| 005 | 20250917063038.0 | ||
| 007 | t| | ||
| 008 | 031031s1917 sp ||||1| spa d | ||
| 080 | _a821.124'04-7"15" | ||
| 100 | 0 |
_aErasmus, Desiderius, _d1467-1536 _947350 |
|
| 245 | 1 | 0 |
_aElogio de la estulticia / _cErasmo de Rotterdam ; traducción directa del latín por Julio Puyol ; precedida de dos cartas, una del traductor y otra de A. Bonilla y San Martín. |
| 250 | _aEd. il. con los dibujos de Holbein. | ||
| 260 |
_aMadrid : _bLibrería General de Victoriano Suárez, _c1917 ( _fImp. Clásica Española) |
||
| 300 |
_a274 p. : _bil. ; _c22 cm. |
||
| 530 | _aDisponible en formato digital. | ||
| 650 | 4 |
_aEstupidez. _9173151 |
|
| 700 | 1 |
_aPuyol y Alonso, Julio, _d1865-1937 _994454 |
|
| 700 | 1 |
_aBonilla y San Martín, Adolfo, _d1875-1926 _930193 |
|
| 700 | 1 |
_aHolbein, Hans, _dca. 1497-1543 _9153101 |
|
| 852 |
_aES-MaACL _jF-6567 _cDEPO2 _zRevisado enlace: 17 de julio de 2025 |
||
| 856 | 4 |
_uhttp://bdh-rd.bne.es/viewer.vm?id=0000045679&page=1 _yBiblioteca Digital Hispánica |
|
| 942 | _2udc | ||
| 999 |
_c59856 _d59856 |
||